Alternativas de la desinfección de suelos en producción de frutilla (Fragaria x ananassa) de día neutro en el Valle Bonaerense del Río Colorado /

Guardado en:
Autor Principal: Muscolino, Camila.
Autor Corporativo: Universidad Nacional del Sur. Departamento de Agronomía.
Otros Autores: Rodríguez, Roberto A., (tutor.)
Formato: Libro
Idioma:Spanish
Publicado: Bahía Blanca, 2016.
Etiquetas: Agregar Etiqueta
Sin Etiquetas, Sea el primero en etiquetar este registro!
LEADER 00791nam a22001695a 4500
001 EEA.libagro010729
005 20181010103339.0
008 140403s2016####ag#a##########000#0#spa#d
082 0 4 |a 634.75 
100 1 |a Muscolino, Camila. 
245 1 0 |a Alternativas de la desinfección de suelos en producción de frutilla (Fragaria x ananassa) de día neutro en el Valle Bonaerense del Río Colorado /  |c Camila Muscolino. 
260 |a Bahía Blanca,  |c 2016. 
300 |a 36 h. :  |b il., fot. col. ;  |c 30 cm. 
500 |a Trabajo de intensificación (Ingeniero Agrónomo) -- Universidad Nacional del Sur. Departamento de Agronomía, 2016. 
700 1 |a Rodríguez, Roberto A.,  |e tutor. 
710 2 |a Universidad Nacional del Sur.  |b Departamento de Agronomía. 
859 |a AR-BbBCA  |b BIB. AGRONOMIA  |h 634.75  |i M985  |p 2016/6697